Online
Catalog

Los problemas de la postguerra : (Record no. 28557)

MARC details
000 -CABECERA
campo de control de longitud fija 00536nam a2200145 a 4500
001 - NÚMERO DE CONTROL
campo de control 000029065
005 - FECHA Y HORA DE LA ÚLTIMA TRANSACCIÓN
campo de control 20200930055317.0
008 - DATOS DE LONGITUD FIJA--INFORMACIÓN GENERAL
campo de control de longitud fija 110413s1944 dr 000 0 spa d
040 ## - FUENTE DE LA CATALOGACIÓN
Centro catalogador/agencia de origen DO-SdBNP
Lengua de catalogación spa
Centro/agencia transcriptor BNPHU
049 ## - FONDOS LOCALES (OCLC)
Fondos de biblioteca BNPD
100 1# - ENTRADA PRINCIPAL--NOMBRE DE PERSONA
Nombre de persona Rojas, Vicente T.
9 (RLIN) 55969
245 14 - MENCIÓN DE TÍTULO
Título Los problemas de la postguerra :
Resto del título situación de la República Dominicana en el Momento actual y su posición en el futuro /
Mención de responsabilidad, etc. Vicente T. Rojas.
260 ## - PUBLICACIÓN, DISTRIBUCIÓN, ETC.
Lugar de publicación, distribución, etc. Ciudad Trujillo, República Dominicana :
Nombre del editor, distribuidor, etc. Imprenta la Opinión,
Fecha de publicación, distribución, etc. 1944.
300 ## - DESCRIPCIÓN FÍSICA
Extensión 35 p. ;
Dimensiones 21 cm.
Holdings
Estado de retiro Estado de pérdida Restricciones de uso No para préstamo Código de colección Localización permanente Ubicación/localización actual Ubicación en estantería Fecha de adquisición Número de inventario Total de préstamos Signatura topográfica completa Código de barras Fecha visto por última vez Número de copia Precio válido a partir de Tipo de ítem Koha
  Extraviado     Raros y valiosos General General Extraviado 12.07.2011 LF1   29065-30 25.06.2020 e. 3 25.06.2020 Préstamo en sala
      Excluido de préstamo Raros y valiosos Patrimonio Dominicano Patrimonio Dominicano Depósito 13.04.2011 LF1   29065-10 25.06.2020   25.06.2020 No se presta
      Excluido de préstamo Raros y valiosos Patrimonio Dominicano Patrimonio Dominicano En catalogación 27.04.2011 LF1   29065-20 25.06.2020 e. 2 25.06.2020 No se presta

Powered by Koha